书目信息 |
| 题名: |
衍射
|
|
| 作者: | 弗朗松 著 ;顾世杰 译 | |
| 分册: | ||
| 出版信息: | 北京 科学出版社 1974.08 |
|
| 页数: | 120页 | |
| 开本: | 19cm | |
| 丛书名: | ||
| 单 册: | ||
| 中图分类: | O751 | |
| 科图分类: | ||
| 主题词: | 非晶态 , 类晶态 | |
| 电子资源: | ||
| ISBN: | ||
| 000 | 00596nam0 2200217 45 | |
| 001 | 0405201475 | |
| 005 | 20060419091633.76 | |
| 010 | @dCNY0.43 | |
| 091 | @a13031.213 | |
| 100 | @a20040520d1974 km y0chiy0120 ea | |
| 101 | 0 | @achi |
| 200 | 1 | @a衍射@AYan She@e光学中的相干性@f(法)M·弗朗松著@F(fa)M·fu lang song zhu@g顾世杰译 |
| 210 | @a北京@c科学出版社@d1974.08 | |
| 215 | @a120页@d19cm | |
| 606 | 0 | @a非晶态 |
| 606 | 0 | @a类晶态 |
| 690 | @aO751@v3 | |
| 701 | 0 | @a弗朗松@Afu lang song@4著 |
| 702 | 0 | @a顾世杰@AGu Shi Jie@4译 |
| 801 | @aCN@bPftUser@c20060419 | |
| 905 | @f2@b11687-688@dO751@e1 | |
| 衍射:光学中的相干性/(法)M·弗朗松著/顾世杰译.-北京:科学出版社,1974.08 |
| 120页;19cm |
| ISBN :CNY0.43 |
| ● |
| 相关链接 |
|
|
|
|
正题名:衍射
索取号:O751/1
 
预约/预借
| 序号 | 登录号 | 条形码 | 馆藏地/架位号 | 状态 | 备注 |
| 1 | 0011685 | 202243624 | 密集书库/ [索取号:O751/1] | 在馆 | |
| 2 | 0011686 | 202212854 | 密集书库/ [索取号:O751/1] | 在馆 | |
| 3 | 0011687 | 000627628 | 第三借阅区/ [索取号:O751/1] | 在馆 | |
| 4 | 0011688 | 000627637 | 第三借阅区/ [索取号:O751/1] | 在馆 | |
| 5 | 0011689 | 000627646 | 第二样本阅览室/ [索取号:O751/1] | 在馆 |